Présidents français et Premiers Ministres dans l'ordre chronologique - Statistiques

Statistiques générales
  • Ce quiz a été pris 407 fois
  • Le résultat moyen est 23 sur 34
Statistiques - réponses
Profession Mandat Réponse % Correct
Président 2017 - Emmanuel Macron
100%
Président 2012 - 2017 François Hollande
93%
Premier Ministre 2024 - Gabriel Attal
91%
Premier Ministre 2022 - 2024 Elisabeth Borne
89%
Président 2007 - 2012 Nicolas Sarkozy
89%
Président 1995 - 2007 Jacques Chirac
88%
Premier Ministre 2017 - 2020 Édouard Philippe
85%
Président 1981 - 1995 François Mitterrand
84%
Premier Ministre 2020 - 2022 Jean Castex
83%
Président 1959 - 1969 Charles de Gaulle
78%
Président 1974 - 1981 Valérie Giscard d'Estaing
77%
Président 1969 - 1974 Georges Pompidou
76%
Premier Ministre 2007 - 2012 François Fillon
75%
Premier Ministre 2014 - 2016 Manuel Valls
74%
Premier Ministre 1997 - 2002 Lionel Jospin
68%
Premier Ministre 1986 - 1988 Jacques Chirac
67%
Premier Ministre 2016 - 2017 Bernard Cazeneuve
65%
Premier Ministre 2005 - 2007 Dominique de Villepin
61%
Premier Ministre 1991 - 1992 Edith Cresson
61%
Premier Ministre 1995 - 1997 Alain Juppé
58%
Premier Ministre 1962 - 1968 Georges Pompidou
58%
Premier Ministre 2012 - 2014 Jean-Marc Ayrault
57%
Premier Ministre 2002 - 2005 Jean-Pierre Raffarin
56%
Premier Ministre 1993 - 1995 Édouard Balladur
55%
Premier Ministre 1959 - 1962 Michel Debré
51%
Premier Ministre 1992 - 1993 Pierre Bérégovoy
50%
Premier Ministre 1974 - 1976 Jacques Chirac
48%
Premier Ministre 1984 - 1988 Laurent Fabius
48%
Premier Ministre 1988 - 1991 Michel Rocard
48%
Premier Ministre 1981 - 1984 Pierre Mauroy
47%
Premier Ministre 1969 - 1972 Jacques Chaban-Delmas
45%
Premier Ministre 1968 - 1969 Maurice Couve de Murville
43%
Premier Ministre 1972 - 1974 Pierre Messmer
42%
Premier Ministre 1976 - 1981 Raymond Barre
42%
Aucun quiz correspondant
Distribution des résultats
% des personnes avec chaque résultat
Percentile par nombre de réponses
Votre historique - résultats
Vous n’avez pas pris ce quiz